Top 5 miast pod względem ludności w każdym kraju Afryki - Statystyki

Ogólne statystyki
  • Ten quiz został rozwiązany 13 razy
    6 od ostatniego zresetowania
  • Średni wynik to 61 z 270
Statystyki odpowiedzi
Kraj Miasto % Poprawnych
Dżibuti Dżibuti
100%
Togo Lomé
100%
Wybrzeże Kości Słoniowej Abidżan
83%
Etiopia Addis Abeba
83%
Ghana Akra
83%
Egipt Aleksandria
83%
Algieria Algier
83%
Madagaskar Antananarywa
83%
Erytrea Asmara
83%
Mali Bamako
83%
Republika Środkowoafrykańska Bangi
83%
Gwinea-Bissau Bissau
83%
Kongo Brazzaville
83%
Sudan Chartum
83%
Tanzania Dar es Saalam
83%
Sudan Południowy Dżuba
83%
Sierra Leone Freetown
83%
Botswana Gaborone
83%
Egipt Giza
83%
Zimbabwe Harare
83%
Kamerun Jaunde
83%
Republika Południowej Afryki Johannesburg
83%
Egipt Kair
83%
Uganda Kampala
83%
Republika Południowej Afryki Kapsztad
83%
Rwanda Kigali
83%
Demokratyczna Republika Konga Kinszasa
83%
Nigeria Lagos
83%
Gabon Libreville
83%
Malawi Lilongwe
83%
Angola Luanda
83%
Zambia Lusaka
83%
Gwinea Równikowa Malabo
83%
Mozambik Maputo
83%
Maroko Marrakesz
83%
Lesotho Maseru
83%
Eswatini Mbabane
83%
Somalia Mogadiszu
83%
Komory Moroni
83%
Kenia Nairobi
83%
Mauretania Nawakszut
83%
Czad Ndżamena
83%
Niger Niamey
83%
Benin Porto-Novo
83%
Republika Południowej Afryki Pretoria
83%
Wyspy Świętego Tomasza i Książęca São Tomé
83%
Libia Trypolis
83%
Tunezja Tunis
83%
Seszele Victoria
83%
Burkina Faso Wagadugu
83%
Namibia Windhuk
83%
Maroko Casablanca
67%
Senegal Dakar
67%
Tanzania Dodoma
67%
Republika Południowej Afryki Durban
67%
Maroko Fez
67%
Burundi Gitega
67%
Wybrzeże Kości Słoniowej Jamusukro
67%
Nigeria Kano
67%
Gwinea Konakry
67%
Kenia Mombasa
67%
Liberia Monrovia
67%
Mauritius Port Louis
67%
Republika Zielonego Przylądka Praia
67%
Libia Bengazi
50%
Burundi Bużumbura
50%
Sudan Omdurman
50%
Algieria Oran
50%
Republika Południowej Afryki Port Elizabeth
50%
Egipt Port Said
50%
Sierra Leone Bo
33%
Kamerun Duala
33%
Somalia Hargejsa
33%
Nigeria Ibadan
33%
Demokratyczna Republika Konga Kisangani
33%
Ghana Kumasi
33%
Tunezja Susa
33%
Maroko Tanger
33%
Tanzania Zanzibar
33%
Niger Zinder
33%
Algieria Annaba
17%
Gwinea Równikowa Bata
17%
Burkina Faso Bobo-Dioulasso
17%
Zimbabwe Bulawayo
17%
Gabon Port-Gentil
17%
Nigeria Port Harcourt
17%
Botswana Francistown
17%
Kamerun Garoua
17%
Togo Kara
17%
Kenia Kisumu
17%
Algieria Konstantyna
17%
Benin Kotonu
17%
Demokratyczna Republika Konga Lubumbashi
17%
Eswatini Manzini
17%
Zambia Ndola
17%
Kongo Pointe-Noire
17%
Sudan Port Sudan
17%
Tunezja Safakis
17%
Mali Sikasso
17%
Namibia Walvis Bay
17%
Czad Abéché
0%
Benin Abomey-Calavi
0%
Gwinea Równikowa Aconibe
0%
Etiopia Adama
0%
Mauretania Adl Bakru
0%
Niger Agadez
0%
Erytrea Agordat
0%
Libia Al-Bajda
0%
Dżibuti Ali Sabieh
0%
Gwinea Równikowa Añisoc
0%
Seszele Anse Etoile
0%
Seszele Anse Volbert
0%
Madagaskar Antsirabe
0%
Tanzania Arusza
0%
Ghana Ashiaman
0%
Republika Zielonego Przylądka Assomada
0%
Togo Atakpamé
0%
Etiopia Auasa
0%
Seszele Au Cap
0%
Libia Az-Zawija
0%
Gwinea-Bissau Bafatá
0%
Kamerun Bafoussam
0%
Gambia Bakau
0%
Republika Środkowoafrykańska Bambari
0%
Kamerun Bamenda
0%
Algieria Batina
0%
Mauritius Beau Bassin
0%
Mozambik Beira
0%
Somalia Beledweyne
0%
Angola Benguela
0%
Nigeria Benin
0%
Republika Środkowoafrykańska Berbérati
0%
Eswatini Big Bend
0%
Republika Środkowoafrykańska Bimbo
0%
Gwinea-Bissau Bissora
0%
Malawi Blantyre
0%
Gwinea-Bissau Bolama
0%
Somalia Boosaaso
0%
Wybrzeże Kości Słoniowej Bouaké
0%
Gambia Brikama
0%
Liberia Buchanan
0%
Mauretania Bughi
0%
Somalia Burco
0%
Rwanda Butare
0%
Republika Środkowoafrykańska Carnot
0%
Seszele Cascade
0%
Sudan Chartum Północny
0%
Zambia Chingola
0%
Zimbabwe Chitungwiza
0%
Mozambik Chmoio
0%
Mauritius Curepipe
0%
Wybrzeże Kości Słoniowej Daloa
0%
Dżibuti Dikhil
0%
Etiopia Dire Dawa
0%
Kongo Dolisie
0%
Komory Domoni
0%
Gwinea Dubréka
0%
Gwinea Równikowa Ebebiyín
0%
Kenia Eldoret
0%
Zimbabwe Epworth
0%
Republika Zielonego Przylądka Espargos
0%
Madagaskar Fianarantsoa
0%
Komory Fomboni
0%
Gabon Franceville
0%
Gwinea-Bissau Gabu
0%
Liberia Ganta
0%
Liberia Gbarnga
0%
Rwanda Gisenyi
0%
Benin Godomey
0%
Lesotho Hlotse
0%
Angola Huambo
0%
Zambia Kabwe
0%
Tunezja Kairuan
0%
Liberia Kakata
0%
Mali Kalabancoro
0%
Demokratyczna Republika Konga Kananga
0%
Gwinea Kankan
0%
Senegal Kaolack
0%
Malawi Karonga
0%
Burkina Faso Kaya
0%
Czad Kélo
0%
Sierra Leone Kenema
0%
Erytrea Keren
0%
Uganda Kira
0%
Zambia Kitwe
0%
Sierra Leone Koidu
0%
Burkina Faso Koudougou
0%
Mali Koutiala
0%
Togo Kpalimé
0%
Uganda Kyengera
0%
Gambia Lamin
0%
Angola Lobito
0%
Lesotho Mafeteng
0%
Madagaskar Mahajanga
0%
Sierra Leone Makeni
0%
Sudan Południowy Malakal
0%
Eswatini Malkerns
0%
Gwinea Manéah
0%
Niger Maradi
0%
Mozambik Matola
0%
Botswana Maun
0%
Senegal Mbour
0%
Demokratyczna Republika Konga Mbuji-Mayi
0%
Etiopia Mekelie
0%
Erytrea Mendefera
0%
Republika Zielonego Przylądka Mindelo
0%
Libia Misrata
0%
Angola Moçâmedes
0%
Botswana Mogoditshane
0%
Lesotho Mohale’s Hoek
0%
Botswana Molepolole
0%
Czad Moundou
0%
Rwanda Muhanga
0%
Zimbabwe Mutare
0%
Komory Mutsamudu
0%
Burundi Muyinga
0%
Tanzania Mwanza
0%
Malawi Mzuzu
0%
Kenia Nakuru
0%
Mozambik Nampula
0%
Uganda Nansana
0%
Mauretania Nawazibu
0%
Gambia Nema Kunku
0%
Wyspy Świętego Tomasza i Książęca Neves
0%
Burundi Ngozi
0%
Eswatini Nhlangano
0%
Sudan Nijala
0%
Kongo Nkayi
0%
Gwinea Nzérékoré
0%
Dżibuti Obock
0%
Namibia Otjiwarongo
0%
Burkina Faso Ouahigouya
0%
Kongo Ouésso
0%
Gabon Owendo
0%
Gabon Oyem
0%
Benin Parakou
0%
Republika Zielonego Przylądka Pedra Badejo
0%
Mauritius Quatre Bornes
0%
Mauretania Rosso
0%
Rwanda Ruhengeri
0%
Namibia Rundu
0%
Burundi Ruyigi
0%
Maroko Sala
0%
Wybrzeże Kości Słoniowej San Pédro
0%
Wyspy Świętego Tomasza i Książęca Santana
0%
Wyspy Świętego Tomasza i Książęca Santo Amaro
0%
Czad Sarh
0%
Mali Ségou
0%
Ghana Sekondi-Takoradi
0%
Gambia Serrekunda
0%
Togo Sokodé
0%
Uganda Ssabagabo
0%
Tunezja Sukra
0%
Namibia Swakopmund
0%
Egipt Szubra al-Chajma
0%
Dżibuti Tadżura
0%
Niger Tahoua
0%
Ghana Tamale
0%
Erytrea Tesenej
0%
Lesotho Teyateyaneng
0%
Senegal Thies
0%
Madagaskar Toamasina
0%
Senegal Touba
0%
Wyspy Świętego Tomasza i Książęca Trinidade
0%
Komory Tsembehou
0%
Mauritius Vacoas-Phoenix
0%
Sudan Południowy Wau
0%
Sudan Południowy Yambio
0%
Sudan Południowy Yei
0%
Malawi Zomba
0%
Nie znaleziono quizów pasujących do podanych kryteriów
Rozkład punktacji
Procent ludzi z każdym wynikiem
Percentyl według liczby udzielonych odpowiedzi
Twoja historia wyników
Nie rozwiązałeś tego quizu od ostatniego zresetowania